000 00559cam a2200205ua 4500
001 8816
005 20260515114400.0
008 150214n ii |||gr||||Z||||||asm
020 _a9788123753294
040 _cMAIN
041 _aasm
082 _a891.4513S
100 _aSaikia, N.,
_eEditor.
245 1 _aAsamiya galpachayan :
_bUttar-swadhinata jugar asamiya chutigalpa /
_cEdited by Nogen Saikia .
250 _a1st.
260 _aNew Delhi:
_bNational,
_c2008.
300 _a362p.
653 _aEast Indo-European & Celtic literatures
942 _cBK
999 _c7904
_d7904